[Event "Skopje op-B"]
[Site "Skopje"]
[Date "2023.12.08"]
[Round "3"]
[White "Zenuni, Sabri"]
[Black "Stefanovski, Trajko"]
[Result "1-0"]
[WhiteElo "1829"]
[BlackElo "1394"]
[PlyCount "64"]
[EventDate "2023.12.06"]
[EventType "swiss"]
[EventRounds "9"]
[EventCountry "MKD"]
[SourceTitle "CB51_2023"]
[SourceDate "2023.12.20"]
[SourceVersion "1"]
[SourceVersionDate "2023.12.20"]
[SourceQuality "1"]

1. e4 c5 2. Nf3 e6 3. b3 Nc6 4. Bb2 d6 5. d4 cxd4 6. Nxd4 Nf6 7. Nxc6 bxc6 8. e5 Nd5 9. c4 Qa5+ 10. Nd2 Nf4 11. Qf3 d5 12. Qxf4 Be7 13. cxd5 Qxd5 14. Qe4 Qd7 15. Rd1 Qb7 16. Bd3 g6 17. 0-0 0-0 18. Nc4 Qc7 19. Nd6 Bd7 20. Bc4 a6 21. Rd3 c5 22. Qe3 Kg7 23. Qf4 Bc6 24. Rh3 h5 25. Bc1 g5 26. Qe3 Rh8 27. Qxc5 Rad8 28. Rd1 f6 29. Bxe6 Qb7 30. exf6+ Bxf6 31. Bb2 Qb5 32. Qc1 g4 1-0